01439nam a2200361 i 4500001001000000003001000010005001700020007000300037008004100040020001500081040004800096041000800144043001200152082002200164100004300186245010000229264003300329264001200362300004500374336002700419337003300446338002800479490003300507504002600540505027300566563001400839650003200853651002200885942000700907945001200914952013400926999001701060768714001CO-MdFUSB20210429124947.0ta970423t1986 ck gr 00010cspa d a8489213402 aCO-BoBLA bspa cCO-MdFUSBdCO-MdFUSBCerda aspa aa-cc---04223a951.042bG984 aGutiérrez Sanín, Francisco,eautor 3aLa revolución china o el despertar del gigante asiático c/ Francisco Gutiérrez Sanín. 1aBogotá : bForja, c[1986] 4c© 1986 a223 páginasbilustraciones. ; c25 cm. 2rdacontentatextobtxt 2rdamediaasin mediaciónbn 2rdacarrieravolumenbnc aRelámpagos de la historia, aIncluye cronología. aLas puertas cerradas. -- Un triste epílogo. -- El reino celestial. -- De mal en peor. -- Una revolución .. Por decreto. -- Un round decisivo. -- La revolución que nunca fue -- Una sola chispa. O el movimiento del 4 de mayo. -- La huelga màs grande del mundo.  aRústico aCulturax Historiaz China. aChinax Historia. cBK aJTF-925 00102ddc40708GENaFUSBCbFUSBCd2020-07-06l0oG 951.042 G984rp11758r2020-07-06 00:00:00tEj.1w2020-07-06yBKk22IINV2023 c66447d66447